000
00192 a2200097 4500
020
_a
9780689810992
041
_a
spa
100
_a
Alma Flor Ada
245
_a
Me llamo Maria Isabel
942
_c
BK
999
_c
12926
_d
12926